01202pam a2200301 a 450000100060000000300080000600500170001400800390003102000220007003500190009204000280011104100080013908200250014710000250017224500420019726000600023930000210029949000230032052002740034361000340061765000290065165100300068065100300071065500300074065500280077065500250079885600770082317508BD-RjUL20211209000143.0140217t1985 mnu 000 1 eng a0764200127 (pbk.) a(BD-RJUL)17566 aDLCcDLCdIG#dDLCbeng aeng00a813.54222bOKW 19851 aOke, Janette,d1935-10aWhen comes the spring /cJanette Oke. aMinneapolis, Minn. :bBethany House Publishers,cc1985. a252 p. ;c21 cm.1 aCanadian West ;v2 a"Elizabeth and Wynn find that their commitment to God and to each other gives their life meaning. Can their love for each other sustain them through a harsh winter, loneliness, and rigors of life without any of the conveniences they're used to?"--Provided by publisher.20aRoyal Canadian Mounted Police 0aWomen pioneersvFiction. 0aCanada, WesternvFiction. 0aCanada, WesternvFiction. 7aChristian fiction.2gsafd 7aWestern stories.2gsafd 7aLove stories.2gsafd413Table of contentsuhttp://www.loc.gov/catdir/toc/ecip052/2004024204.html